Excel kế toán và Access kế toán

Sách là tài liệu bổ ích cho những người làm kế toán bằng MS-Excel và MS-Access. Với những ví dụ cụ thể bằng hình ảnh cụ thể nội dung sách giúp cho công tác kế toán của sinh viên hay những nhà kế toán dễ dàng làm việc trên máy vi tính....

Full description

Saved in:
Bibliographic Details
Main Author: Nguyễn, Thế Hưng
Format: Book
Language:Undetermined
Published: Thành phố Hồ Chí Minh Nhà xuất bản Thành phố Hồ Chí Minh 2006
Subjects:
Tags: Add Tag
No Tags, Be the first to tag this record!
Institutions: Trung tâm Học liệu Trường Đại học Cần Thơ
LEADER 00998nam a2200217Ia 4500
001 CTU_119155
008 210402s9999 xx 000 0 und d
020 |c 24500 
082 |a 657.0285 
082 |b H556 
100 |a Nguyễn, Thế Hưng 
245 0 |a Excel kế toán và Access kế toán 
245 0 |c Nguyễn Thế Hưng 
260 |a Thành phố Hồ Chí Minh 
260 |b Nhà xuất bản Thành phố Hồ Chí Minh 
260 |c 2006 
520 |a Sách là tài liệu bổ ích cho những người làm kế toán bằng MS-Excel và MS-Access. Với những ví dụ cụ thể bằng hình ảnh cụ thể nội dung sách giúp cho công tác kế toán của sinh viên hay những nhà kế toán dễ dàng làm việc trên máy vi tính. 
650 |a Acccounting 
650 |x Data processing 
904 |i Minh 
980 |a Trung tâm Học liệu Trường Đại học Cần Thơ